000
00222 a2200109 4500
001
90171
082
_a
30 DIS
090
_c
42514
_d
42514
100
_a
Disney
245
_a
Picture Dictionary
260
_a
N.Y
_b
disney
_c
2003
942
_a
NUST-CAE
_k
030 DIS
999
_c
325244
_d
325244